Diana de San Román (Record no. 170711)

MARC details
000 -LEADER
campo de control de longitud fija 00788nam a22001695i 4500
001 - NÚMERO DE CONTROL
campo de control 170711
003 - IDENTIFICADOR DE NÚMERO DE CONTROL
campo de control ES-MaACL
005 - FECHA Y HORA DE LA ÚLTIMA TRANSACCIÓN
campo de control 20230906214435.0
008 - DATOS DE LONGITUD FIJA--INFORMACIÓN GENERAL
campo de control de longitud fija 090331s1859 sp |||| | spa d
080 ## - NÚMERO DE LA CLASIFICACIÓN DECIMAL UNIVERSAL
Número de la Clasificación Decimal Universal 821.134.2-2"18"
100 1# - ENTRADA PRINCIPAL--NOMBRE DE PERSONA
Nombre de persona García González, Manuel.
9 (RLIN) 127208
245 10 - MENCIÓN DEL TÍTULO
Título Diana de San Román
Resto del título : drama en tres actos /
Mención de responsabilidad, etc. arreglado a la escena española por Manuel García González.
260 ## - PUBLICACIÓN, DISTRIBUCIÓN, ETC.
Lugar de publicación, distribución, etc. Madrid :
Nombre del editor, distribuidor, etc. [s.n.],
Fecha de publicación, distribución, etc. 1859 (
Fabricante Imp. de José Rodríguez)
300 ## - DESCRIPCIÓN FÍSICA
Extensión 47 p. ;
Dimensiones 20 cm.
500 ## - NOTA GENERAL
Nota general En la port.: Estrenada con general aplauso en el teatro de Novedades el 4 de febrero de 1859.
852 ## - LOCALIZACIÓN
Ubicación ES-MaACL
Número de control de estantería F-8554(8)
Nota libre .- Enc. pasta española
condición física .- Falto de la cub. original
Nota libre - Enc. en vol. facticio formando parte de la col. facticia "Teatro español moderno", v. 6
Holdings
Estatus retirado Estado de pérdida Estado de daño No para préstamo Colección Biblioteca de origen Biblioteca actual Ubicación en estantería Fecha de adquisición Fuente de adquisición Total de préstamos Signatura topográfica completa Código de barras Visto por última vez Precio de reemplazo Tipo de ítem Koha
        Libros del s. XIX Biblioteca del Ateneo de Madrid Biblioteca del Ateneo de Madrid Sala Pecera Planta 2 31/03/2009     F-8554(8) 1179153 23/02/2023 23/02/2023 Libro impreso antiguo